000 00818cam a2200205 4500
001 WB3710-45
008 000000n2001 000 0 eng u
035 _a(Sirsi) u111276
245 _aMinisters admit GM trials too soon
260 _c2001
490 _aIndependent
_v2 March 2001, 9(1)
520 _aSources indicate some Ministers are admitting that government plans to double the size of GM crop trials do not give organic farmers adequate time to protect their crops from contamination. Government has ignored requests to leave buffer zones between test sites and organic farms.
590 _aWB
650 _aGENETICALLY MODIFIED CROPS
650 _aGENETICALLY MODIFIED TRIALS
650 _aORGANIC FARMS
650 _aContamination
_96231
690 _aRURAL-AGRICULTURE AND FORESTRY
942 _n0
999 _c66304
_d66304